[Event "CCT Play-in Chessable Masters 2024"]
[Site "Online"]
[Date "2024.01.31"]
[Round "6"]
[White "Lagarde, Maxime"]
[Black "Sasikiran, Krishnan"]
[Result "1/2-1/2"]
[WhiteElo "2642"]
[BlackElo "2586"]
[Annotator "RC"]
[PlyCount "139"]
[EventDate "2024.01.26"]
[EventType "swiss"]
[EventCountry "NET"]
[SourceTitle "playchess.com"]
[Source "ChessBase"]
[SourceQuality "1"]

1. b3 d5 2. Bb2 c5 3. e3 Nf6 4. Nf3 a6 5. g3 Nc6 6. Bg2 Bf5 7. O-O e6 8. c4 Bd3 9. Re1 Be7 10. cxd5 exd5 11. Nc3 O-O 12. Ne2 Bd6 13. Nf4 Bxf4 14. exf4 c4 15. bxc4 dxc4 16. Ne5 Rc8 17. Nxc6 bxc6 18. Qa4 Nd5 19. Ba3 Re8 20. Bc5 Qd7 21. Re5 Rxe5 22. fxe5 Qb7 23. Re1 Qb5 24. Qa3 Nc7 25. Bd6 Ne6 26. h4 h5 27. Qc3 c5 28. Kh2 Nd4 29. e6 Nxe6 30. Qe5 Qd7 31. Bh3 Rc6 32. Bb8 Qd4 33. Qe3 Rb6 34. Be5 Qxe3 35. fxe3 f6 36. Bc3 Kf7 37. a4 Rb3 38. Bg2 Ke7 39. Bf3 g6 40. g4 hxg4 41. Bxg4 Nc7 42. Bf3 Ra3 43. h5 gxh5 44. Rg1 Ne6 45. a5 h4 46. Bb7 Ng5 47. Rg4 h3 48. Rf4 f5 49. Bxa6 Ne4 50. Bc8 Nxc3 51. dxc3 Rxa5 52. Bxf5 Ra3 53. Kxh3 Rxc3 54. Kg2 Bxf5 55. Rxf5 Rxe3 56. Rxc5 c3 57. Kf2 Kd6 58. Rc8 Rh3 59. Ke2 Kd5 60. Kd1 Kd4 61. Kc2 Rh2+ 62. Kc1 Rh1+ 63. Kc2 Rh2+ 64. Kc1 Kd3 65. Rd8+ Kc4 66. Rc8+ Kb3 67. Rb8+ Kc4 68. Rc8+ Kd4 69. Rd8+ Kc4 70. Rc8+ 1/2-1/2

[Event "CCT Play-in Chessable Masters 2024"]
[Site "Online"]
[Date "2024.01.31"]
[Round "6"]
[White "Sargsyan_Shant"]
[Black "youngKID"]
[Result "0-1"]
[WhiteElo "2638"]
[BlackElo "2495"]
[Annotator "RC"]
[PlyCount "62"]
[EventDate "2024.01.26"]
[EventType "swiss"]
[EventCountry "NET"]
[SourceTitle "playchess.com"]
[Source "ChessBase"]
[SourceQuality "1"]

1. d4 Nf6 2. Nf3 d5 3. Bf4 c5 4. e3 Nc6 5. Nbd2 Qb6 6. dxc5 Qxb2 7. Rb1 Qc3 8. Bb5 e6 9. O-O Qxc5 10. c4 Be7 11. Nb3 Qa3 12. Ne5 O-O 13. Nxc6 bxc6 14. Bxc6 Ba6 15. Bxa8 Rxa8 16. Qc1 dxc4 17. Qxa3 Bxa3 18. Nd4 c3 19. Rfd1 Bb2 20. Nc2 Bc4 21. Rd4 Bxa2 22. Rbd1 Rf8 23. Bd6 Re8 24. Be5 Bb3 25. Rd8 Bxc2 26. Bxf6 Ba4 27. Bxc3 Bxc3 28. R1d3 Bb4 29. R3d4 a5 30. h4 h5 31. g4 hxg4 0-1

[Event "CCT Play-in Chessable Masters 2024"]
[Site "Online"]
[Date "2024.01.31"]
[Round "6"]
[White "Guseinov, Gadir"]
[Black "Indjic, Aleksandar"]
[Result "0-1"]
[WhiteElo "2636"]
[BlackElo "2595"]
[Annotator "RC"]
[PlyCount "83"]
[EventDate "2024.01.26"]
[EventType "swiss"]
[EventCountry "NET"]
[SourceTitle "playchess.com"]
[Source "ChessBase"]
[SourceQuality "1"]

1. e4 e5 2. Nf3 Nc6 3. d4 exd4 4. Bc4 Nf6 5. e5 d5 6. Bb5 Nd7 7. O-O Be7 8. Bxc6 bxc6 9. Nxd4 Nb8 10. Nc3 O-O 11. Qf3 Re8 12. Bf4 Bc5 13. Rad1 Qe7 14. Nxc6 Nxc6 15. Nxd5 Qf8 16. Nxc7 Bb7 17. Nxe8 Qxe8 18. Qc3 Bb6 19. Be3 Ba5 20. Qc5 Ba6 21. c4 Bb6 22. Qd5 Bxe3 23. fxe3 Nxe5 24. b3 Kh8 25. Qe4 Rb8 26. Rd6 Bb7 27. Qd4 Nc6 28. Qc5 f6 29. Rfd1 h6 30. Kh1 a5 31. h3 Ba8 32. R1d2 a4 33. bxa4 Qe4 34. Qd5 Qxe3 35. Rd1 Ne5 36. Rd8+ Kh7 37. Qg8+ Kg6 38. Qe8+ Kg5 39. h4+ Kxh4 40. R8d4+ Kg5 41. Qe6 Bxg2+ 42. Kh2 0-1

[Event "CCT Play-in Chessable Masters 2024"]
[Site "Online"]
[Date "2024.01.31"]
[Round "6"]
[White "Gledura, Benjamin"]
[Black "SpeedofLight0"]
[Result "1/2-1/2"]
[WhiteElo "2633"]
[BlackElo "2486"]
[Annotator "RC"]
[PlyCount "61"]
[EventDate "2024.01.26"]
[EventType "swiss"]
[EventCountry "NET"]
[SourceTitle "playchess.com"]
[Source "ChessBase"]
[SourceQuality "1"]

1. Nf3 Nf6 2. c4 e6 3. Nc3 d5 4. e3 c5 5. cxd5 exd5 6. b3 Nc6 7. Bb2 Bg4 8. Rc1 Rc8 9. h3 Bh5 10. Na4 b6 11. Bb5 Bd6 12. g4 Bg6 13. Nd4 cxd4 14. Bxc6+ Kf8 15. Bxd4 Ba3 16. Bb2 Bxb2 17. Nxb2 Be4 18. Rg1 Qc7 19. d3 Qh2 20. Ke2 Bg2 21. Qd2 Rxc6 22. Qb4+ Rc5 23. Rxc5 bxc5 24. Qxc5+ Ke8 25. Rc1 Qb8 26. Qc8+ Ke7 27. Rc7+ Kd6 28. Rc6+ Ke7 29. Rc7+ Kd6 30. Rc6+ Ke7 31. Rc7+ 1/2-1/2

[Event "CCT Play-in Chessable Masters 2024"]
[Site "Online"]
[Date "2024.01.31"]
[Round "6"]
[White "tptagain"]
[Black "Lazavik, Denis"]
[Result "1-0"]
[WhiteElo "2628"]
[BlackElo "2566"]
[Annotator "RC"]
[PlyCount "131"]
[EventDate "2024.01.26"]
[EventType "swiss"]
[EventCountry "NET"]
[SourceTitle "playchess.com"]
[Source "ChessBase"]
[SourceQuality "1"]

1. e4 e5 2. Nf3 Nc6 3. Bc4 Bc5 4. c3 Nf6 5. d4 exd4 6. e5 d5 7. Bb5 Ne4 8. cxd4 Bb6 9. Nc3 O-O 10. Be3 Bg4 11. h3 Bh5 12. Qc2 Nxc3 13. bxc3 f6 14. Bxc6 Bxf3 15. gxf3 bxc6 16. f4 Qe7 17. a4 a5 18. Ke2 c5 19. Rab1 cxd4 20. cxd4 Qf7 21. Qf5 Qe8 22. Rb5 fxe5 23. Qxe5 Rd8 24. Qxe8 Rdxe8 25. Rxd5 Rxf4 26. Kd3 Rf3 27. h4 h6 28. Rg1 Re7 29. h5 Kf7 30. Kc4 Rf6 31. Rb1 c6 32. Re5 Bc7 33. Rxe7+ Kxe7 34. d5 cxd5+ 35. Kxd5 Kd7 36. Rg1 Rf5+ 37. Ke4 Re5+ 38. Kd4 Rxh5 39. Rxg7+ Kc8 40. f4 Bb6+ 41. Ke4 Bxe3 42. Kxe3 Rc5 43. Kd4 Rf5 44. Ke4 Rc5 45. f5 Kd8 46. Rh7 Rc4+ 47. Ke5 Rxa4 48. Rxh6 Ra1 49. Ke6 a4 50. f6 Re1+ 51. Kf7 a3 52. Rh8+ Kc7 53. Ra8 Ra1 54. Kf8 a2 55. f7 Kb7 56. Ra3 Kb6 57. Rb3+ Kc7 58. Rb2 Kd7 59. Rg2 Ke6 60. Ke8 Re1 61. Rxa2 Kf6+ 62. Kf8 Rb1 63. Ra6+ Kf5 64. Kg8 Rg1+ 65. Kh7 Rh1+ 66. Rh6 1-0

[Event "CCT Play-in Chessable Masters 2024"]
[Site "Online"]
[Date "2024.01.31"]
[Round "6"]
[White "Petrosyan, Manuel"]
[Black "Bocharov, Dmitry"]
[Result "1-0"]
[WhiteElo "2627"]
[BlackElo "2513"]
[Annotator "RC"]
[PlyCount "65"]
[EventDate "2024.01.26"]
[EventType "swiss"]
[EventCountry "NET"]
[SourceTitle "playchess.com"]
[Source "ChessBase"]
[SourceQuality "1"]

1. d4 Nf6 2. Nf3 e6 3. Bf4 c5 4. e3 Nc6 5. Nbd2 h6 6. h3 d5 7. c3 Bd6 8. Ne5 O-O 9. g4 Qc7 10. g5 hxg5 11. Bxg5 Bxe5 12. dxe5 Qxe5 13. Rg1 Qf5 14. Bd3 Ne4 15. Nxe4 dxe4 16. Bxe4 Qxe4 17. Bf6 Qh7 18. Rxg7+ Qxg7 19. Bxg7 Kxg7 20. Qg4+ Kf6 21. Qh4+ Kf5 22. e4+ Kg6 23. O-O-O f6 24. Rg1+ Kf7 25. Qh5+ Ke7 26. Rg7+ Kd6 27. Qd1+ Ke5 28. f4+ Kxe4 29. Qe2+ Kd5 30. Qd3+ Nd4 31. cxd4 cxd4 32. Qf3+ Kd6 33. Qa3+ 1-0

[Event "CCT Play-in Chessable Masters 2024"]
[Site "Online"]
[Date "2024.01.31"]
[Round "6"]
[White "Theodorou, Nikolas"]
[Black "Guliyev, Namig"]
[Result "1-0"]
[WhiteElo "2627"]
[BlackElo "2506"]
[Annotator "RC"]
[PlyCount "135"]
[EventDate "2024.01.26"]
[EventType "swiss"]
[EventCountry "NET"]
[SourceTitle "playchess.com"]
[Source "ChessBase"]
[SourceQuality "1"]

1. Nf3 d5 2. b3 c5 3. Bb2 Nc6 4. e3 Bg4 5. Bb5 Rc8 6. c4 a6 7. Ba4 Nf6 8. h3 Bxf3 9. Qxf3 e6 10. g4 Be7 11. Nc3 d4 12. Ne2 e5 13. Ng3 O-O 14. Bxc6 Rxc6 15. g5 Ne8 16. h4 Qd7 17. h5 Bxg5 18. O-O-O h6 19. Rdg1 b5 20. Ne4 bxc4 21. bxc4 Rb6 22. Nxc5 Qc7 23. exd4 Nd6 24. Qd5 Rfb8 25. Bc3 exd4 26. Qxd4 Nf5 27. Qd5 Qf4 28. Nd3 Qd6 29. Qxf5 Qa3+ 30. Kd1 Qa4+ 31. Ke2 Re8+ 32. Kf3 Qxc4 33. Re1 Qc6+ 34. Kg3 Rb5 35. Rxe8+ Qxe8 36. Qf3 Bd8 37. Re1 Bc7+ 38. Kg2 Rg5+ 39. Kf1 Qb5 40. a4 Qxa4 41. Qa8+ Kh7 42. Qe4+ Qxe4 43. Rxe4 Rxh5 44. Re7 Ba5 45. Rxf7 Bxc3 46. dxc3 Rh4 47. Ke2 Rc4 48. Kd2 h5 49. Rf5 Kh6 50. Ra5 Rc6 51. Nb4 Rd6+ 52. Ke3 Re6+ 53. Kf3 Rf6+ 54. Kg2 g6 55. Rxa6 Rf4 56. Rc6 h4 57. Nd5 Rf7 58. Ne3 Kh5 59. Rc8 g5 60. c4 Rf4 61. c5 Kg6 62. c6 h3+ 63. Kxh3 Rxf2 64. c7 Rf3+ 65. Kg2 Rxe3 66. Rg8+ Kf7 67. c8=Q Re2+ 68. Kf1 1-0

[Event "CCT Play-in Chessable Masters 2024"]
[Site "Online"]
[Date "2024.01.31"]
[Round "6"]
[White "Warmerdam, Max"]
[Black "Klekowski, Maciej"]
[Result "1/2-1/2"]
[WhiteElo "2625"]
[BlackElo "2477"]
[Annotator "RC"]
[PlyCount "101"]
[EventDate "2024.01.26"]
[EventType "swiss"]
[EventCountry "NET"]
[SourceTitle "playchess.com"]
[Source "ChessBase"]
[SourceQuality "1"]

1. Nf3 d5 2. c4 d4 3. b4 c5 4. e3 dxe3 5. fxe3 cxb4 6. d4 Nf6 7. a3 e6 8. Bd3 Nc6 9. O-O bxa3 10. Nc3 Bb4 11. Qb3 O-O 12. Bxa3 Bxa3 13. Rxa3 b6 14. Ne4 Bb7 15. c5 Nxe4 16. Bxe4 Nxd4 17. Nxd4 Bxe4 18. Nxe6 fxe6 19. Qxe6+ Kh8 20. Rxf8+ Qxf8 21. Qxe4 Re8 22. Qa4 bxc5 23. Qxa7 Qf5 24. h3 h6 25. Qc7 Rc8 26. Qf4 Qb1+ 27. Kh2 Qb2 28. Ra6 Qb7 29. Ra4 Qd5 30. e4 Qe6 31. Ra7 c4 32. Qg3 Qg8 33. Rc7 Kh7 34. Qe5 Rxc7 35. Qxc7 Qe6 36. e5 Kg6 37. Qc5 Kf5 38. Kg1 Ke4 39. Kf2 Qf5+ 40. Ke2 Qe6 41. Kf2 h5 42. Ke2 h4 43. Kf2 Qf5+ 44. Ke2 Qe6 45. Kf2 g6 46. Ke2 g5 47. Kf2 Qf5+ 48. Kg1 Qe6 49. Kf2 Qf7+ 50. Ke2 Qe6 51. Kf2 1/2-1/2

[Event "CCT Play-in Chessable Masters 2024"]
[Site "Online"]
[Date "2024.01.31"]
[Round "6"]
[White "shimastream"]
[Black "Kovalev, Vladislav"]
[Result "1-0"]
[WhiteElo "2624"]
[BlackElo "2579"]
[Annotator "RC"]
[PlyCount "81"]
[EventDate "2024.01.26"]
[EventType "swiss"]
[EventCountry "NET"]
[SourceTitle "playchess.com"]
[Source "ChessBase"]
[SourceQuality "1"]

1. d4 Nf6 2. Bg5 d5 3. Nd2 c5 4. dxc5 Nc6 5. a3 a5 6. e4 e6 7. Ngf3 Bxc5 8. Bd3 h6 9. Bh4 Be7 10. Qe2 O-O 11. O-O e5 12. Bxf6 Bxf6 13. exd5 Qxd5 14. Ne4 Bg4 15. Nxf6+ gxf6 16. Qe3 Bxf3 17. gxf3 Nd4 18. Be4 Qe6 19. Qxh6 f5 20. Qg5+ Qg6 21. Qxg6+ fxg6 22. Bd5+ Kg7 23. Rae1 Nxc2 24. Rxe5 Rae8 25. f4 b5 26. Rc1 Nd4 27. Rc7+ Kh6 28. Kg2 b4 29. a4 Rxe5 30. fxe5 f4 31. e6 Re8 32. Rc4 f3+ 33. Kg3 Nf5+ 34. Kf4 Ng7 35. Ke5 Kg5 36. h4+ Kh5 37. Bxf3+ Kh6 38. Bg4 Rf8 39. f4 Rd8 40. e7 Re8 41. Kf6 1-0

[Event "CCT Play-in Chessable Masters 2024"]
[Site "Online"]
[Date "2024.01.31"]
[Round "6"]
[White "Kamsky, Gata"]
[Black "Gavrilescu, David"]
[Result "1/2-1/2"]
[WhiteElo "2623"]
[BlackElo "2523"]
[Annotator "RC"]
[PlyCount "109"]
[EventDate "2024.01.26"]
[EventType "swiss"]
[EventCountry "NET"]
[SourceTitle "playchess.com"]
[Source "ChessBase"]
[SourceQuality "1"]

1. d4 d5 2. Bf4 c5 3. e3 cxd4 4. exd4 Nc6 5. c3 Bf5 6. Nd2 e6 7. Ngf3 Bd6 8. Bxd6 Qxd6 9. Be2 Nf6 10. O-O h6 11. Re1 O-O 12. a4 Nd7 13. a5 a6 14. Bf1 Rfe8 15. Re3 Bg4 16. h3 Bh5 17. Qe1 e5 18. dxe5 Ndxe5 19. Nxe5 Rxe5 20. Rxe5 Nxe5 21. Nb3 Nc4 22. Bxc4 dxc4 23. Nd4 Bg6 24. Ra4 Rc8 25. Rb4 Rc7 26. Rb6 Qc5 27. Qe8+ Kh7 28. Qd8 Re7 29. Qd6 Qxa5 30. Kh2 Rd7 31. Qxd7 Qxb6 32. f4 Qxb2 33. f5 Bh5 34. Ne6 Bf3 35. Nf4 Qxc3 36. gxf3 Qxf3 37. Nd5 Qe2+ 38. Kg1 Qd1+ 39. Kg2 Qd2+ 40. Kf3 Qd3+ 41. Kg2 Qe4+ 42. Kf1 Qd3+ 43. Kg2 Qc2+ 44. Kf3 Qb3+ 45. Kf4 Qd3 46. Qxf7 Qd4+ 47. Kf3 Qd3+ 48. Kf4 Qd4+ 49. Kf3 Qd3+ 50. Ne3 c3 51. Qg6+ Kg8 52. Qe8+ Kh7 53. Qg6+ Kg8 54. Qe6+ Kh7 55. Qg6+ 1/2-1/2

[Event "CCT Play-in Chessable Masters 2024"]
[Site "Online"]
[Date "2024.01.31"]
[Round "6"]
[White "Tari, Aryan"]
[Black "Le, Quang Liem"]
[Result "1-0"]
[WhiteElo "2623"]
[BlackElo "2731"]
[Annotator "TA"]
[PlyCount "101"]
[EventDate "2024.01.26"]
[EventType "swiss"]
[EventCountry "NET"]
[SourceTitle "playchess.com"]
[Source "ChessBase"]
[SourceQuality "1"]

1. e4 c5 2. Nf3 Nc6 3. Bb5 g6 4. O-O Bg7 5. c3 Nf6 6. Re1 O-O 7. d4 d5 8. e5 Ne4 9. Be3 Qb6 10. Bxc6 bxc6 11. Qc1 c4 12. Nfd2 Nxd2 13. Nxd2 Bf5 14. b3 Bd3 15. bxc4 dxc4 16. Bg5 f6 17. Bf4 g5 18. exf6 exf6 19. Bd6 Rfe8 20. Qa3 a5 21. h4 gxh4 22. Nf3 h3 23. gxh3 Kf7 24. Kh2 Bh6 25. Bg3 Bf8 26. Qc1 Rxe1 27. Nxe1 Bg6 28. Qf4 Re8 29. Nf3 Qb2 30. Rg1 Qxc3 31. Ne5+ Kg7 32. Ng4 Re6 33. Qc7+ Re7 34. Qf4 Re6 35. Qc7+ Kh8 36. Qc8 Re8 37. Qxc6 Qxd4 38. Nxf6 Re2 39. Qf3 Qd3 40. Qa8 Qa3 41. Qd5 Kg7 42. Nh5+ Kh8 43. Be5+ Rxe5 44. Qxe5+ Kg8 45. Qe6+ Kh8 46. Qf6+ Kg8 47. Rxg6+ hxg6 48. Qxg6+ Kh8 49. Nf6 Qd6+ 50. Kg2 Qe6 51. Qh7# 1-0

[Event "CCT Play-in Chessable Masters 2024"]
[Site "Online"]
[Date "2024.01.31"]
[Round "6"]
[White "Banusz, Tamas"]
[Black "Jumabayev, Rinat"]
[Result "1-0"]
[WhiteElo "2621"]
[BlackElo "2598"]
[Annotator "RC"]
[PlyCount "87"]
[EventDate "2024.01.26"]
[EventType "swiss"]
[EventCountry "NET"]
[SourceTitle "playchess.com"]
[Source "ChessBase"]
[SourceQuality "1"]

1. Nf3 Nf6 2. g3 d5 3. Bg2 c5 4. O-O g6 5. c4 d4 6. b4 Bg7 7. bxc5 Nc6 8. d3 O-O 9. Nbd2 Nd7 10. Nb3 a5 11. a4 Re8 12. Rb1 h6 13. e3 e5 14. exd4 exd4 15. Bf4 Nde5 16. Nxe5 Nxe5 17. Qd2 Kh7 18. Rfe1 Ra6 19. Bxe5 Rxe5 20. Rxe5 Bxe5 21. Bd5 Kg7 22. Re1 Qc7 23. Qe2 Bf6 24. Qe8 Bf5 25. Nxd4 Bxd4 26. Re7 Qxe7 27. Qxe7 Rf6 28. Kg2 Bxd3 29. f3 g5 30. Qc7 h5 31. Qxa5 Bf5 32. Qc7 h4 33. g4 Bd3 34. h3 Rf4 35. a5 Bg6 36. Qxb7 Bxc5 37. Qc7 Bd4 38. a6 Bd3 39. a7 Bxa7 40. Qxa7 Bxc4 41. Qa1+ f6 42. Qa7+ Kh6 43. Be4 Bg8 44. Qe7 1-0

[Event "CCT Play-in Chessable Masters 2024"]
[Site "Online"]
[Date "2024.01.31"]
[Round "6"]
[White "Hakobyan, Aram"]
[Black "BilodeauA"]
[Result "1-0"]
[WhiteElo "2616"]
[BlackElo "2600"]
[Annotator "RC"]
[PlyCount "77"]
[EventDate "2024.01.26"]
[EventType "swiss"]
[EventCountry "NET"]
[SourceTitle "playchess.com"]
[Source "ChessBase"]
[SourceQuality "1"]

1. d4 Nf6 2. c4 e6 3. Nc3 Bb4 4. e3 O-O 5. a3 Bxc3+ 6. bxc3 b6 7. Bd3 Bb7 8. f3 Nc6 9. Ne2 Na5 10. e4 Ne8 11. Ng3 Ba6 12. Qe2 c5 13. d5 e5 14. Nf5 g6 15. Nh6+ Kh8 16. Ng4 f6 17. Bh6 Rf7 18. O-O Nd6 19. f4 Qe7 20. h4 exf4 21. e5 Bxc4 22. Rae1 Bxd3 23. Qxd3 c4 24. Qf3 Nf5 25. d6 Qd8 26. Bxf4 Qc8 27. exf6 Qc5+ 28. Be3 Qc6 29. Ne5 Qxf3 30. Nxf7+ Kg8 31. Rxf3 Kxf7 32. Bg5 Nc6 33. g4 Nxd6 34. Rd1 Ne5 35. Re3 Nd3 36. Re7+ Kg8 37. Rg7+ Kh8 38. Rxd7 Ne4 39. Bh6 1-0

[Event "CCT Play-in Chessable Masters 2024"]
[Site "Online"]
[Date "2024.01.31"]
[Round "6"]
[White "Rakhmanov_Aleksandr"]
[Black "Samant Aditya S"]
[Result "1-0"]
[WhiteElo "2616"]
[BlackElo "2512"]
[Annotator "RC"]
[PlyCount "95"]
[EventDate "2024.01.26"]
[EventType "swiss"]
[EventCountry "NET"]
[SourceTitle "playchess.com"]
[Source "ChessBase"]
[SourceQuality "1"]

1. c4 Nf6 2. Nc3 e5 3. g3 d5 4. cxd5 Nxd5 5. Bg2 Nb6 6. e3 Be7 7. Nge2 O-O 8. O-O Nc6 9. b3 Bf5 10. Bb2 Bd3 11. f4 exf4 12. Rxf4 Bd6 13. Rf2 Qd7 14. Nf4 Ba6 15. Ne4 f6 16. Bh3 f5 17. Qh5 Be5 18. Bxe5 Nxe5 19. Nc5 Qf7 20. Qxf7+ Rxf7 21. Rc1 Rd8 22. Nfe6 Rd6 23. d4 Ng4 24. Bxg4 fxg4 25. Rxf7 Kxf7 26. Nxc7 Be2 27. Ne4 Rd7 28. Rc3 Kg6 29. Nd2 Rf7 30. Ne6 Nd5 31. Rc5 Rf6 32. Rxd5 Rxe6 33. Kf2 Ba6 34. Rc5 Rf6+ 35. Ke1 Rf7 36. e4 b6 37. Rc6+ Kg5 38. d5 h5 39. a4 h4 40. b4 Bd3 41. b5 hxg3 42. hxg3 Re7 43. d6 Rd7 44. Kf2 Kf6 45. Ke3 Bb1 46. Nxb1 Ke5 47. Nd2 Rxd6 48. Nc4+ 1-0

[Event "CCT Play-in Chessable Masters 2024"]
[Site "Online"]
[Date "2024.01.31"]
[Round "6"]
[White "Micki-taryan"]
[Black "Santos Latasa, Jaime"]
[Result "0-1"]
[WhiteElo "2615"]
[BlackElo "2615"]
[Annotator "RC"]
[PlyCount "116"]
[EventDate "2024.01.26"]
[EventType "swiss"]
[EventCountry "NET"]
[SourceTitle "playchess.com"]
[Source "ChessBase"]
[SourceQuality "1"]

1. d4 Nf6 2. c4 e6 3. Nf3 d5 4. Nc3 Bb4 5. Bg5 h6 6. Bxf6 Qxf6 7. e3 O-O 8. Rc1 dxc4 9. Bxc4 c5 10. O-O cxd4 11. Ne4 Qe7 12. a3 Ba5 13. Qxd4 Rd8 14. Qe5 Bc7 15. Qh5 Bd7 16. Bb5 Bb6 17. Rfd1 a6 18. Bxd7 Nxd7 19. h3 Nf6 20. Qh4 Rxd1+ 21. Rxd1 Rd8 22. Rc1 Nd5 23. Qxe7 Nxe7 24. Kf1 Nc6 25. Ke2 Kf8 26. Nfd2 Ke7 27. Nc4 Ba7 28. g4 Rd5 29. Nc3 Rc5 30. Nd2 Ne5 31. Nb3 Rc6 32. Na5 Rd6 33. f4 Nd3 34. Rc2 Rd7 35. Ne4 f5 36. Nd2 g5 37. fxg5 hxg5 38. Nf3 Kf6 39. b4 Ne5 40. Nxe5 Kxe5 41. Rc8 Rh7 42. Ra8 Bxe3 43. Nc4+ Ke4 44. gxf5 Bf4 45. fxe6 Kd5 46. Na5 b6 47. Nb3 Rxh3 48. e7 Re3+ 49. Kd1 Rxe7 50. Rxa6 Be3 51. Ra8 Rc7 52. Nd2 Rg7 53. Rd8+ Kc6 54. Nc4 Bf4 55. a4 g4 56. Rc8+ Kb7 57. Rf8 g3 58. Rxf4 g2 0-1

[Event "CCT Play-in Chessable Masters 2024"]
[Site "Online"]
[Date "2024.01.31"]
[Round "6"]
[White "Ponkratov, Pavel"]
[Black "Vidit, Santosh Gujrathi"]
[Result "0-1"]
[WhiteElo "2614"]
[BlackElo "2742"]
[Annotator "TA"]
[PlyCount "114"]
[EventDate "2024.01.26"]
[EventType "swiss"]
[EventCountry "NET"]
[SourceTitle "playchess.com"]
[Source "ChessBase"]
[SourceQuality "1"]

1. e4 c5 2. Nf3 e6 3. d4 cxd4 4. Nxd4 Nf6 5. Nc3 Nc6 6. Ndb5 d6 7. Bf4 e5 8. Bg5 a6 9. Na3 b5 10. Nab1 Be7 11. Bxf6 Bxf6 12. a4 b4 13. Nd5 O-O 14. Bc4 Bg5 15. O-O Be6 16. c3 a5 17. cxb4 axb4 18. Nd2 Na5 19. Ba2 Bxd2 20. Qxd2 b3 21. Bb1 Qb8 22. Rc1 Ra7 23. Ne3 Nb7 24. Nf5 Qd8 25. Rd1 Nc5 26. a5 Rd7 27. Qc3 Qc7 28. Bd3 Ra8 29. Bb5 Rdd8 30. Bf1 Ra7 31. a6 Qb6 32. Qe3 d5 33. Nxg7 Kxg7 34. exd5 Bf5 35. d6 Nd7 36. Qg3+ Bg6 37. h4 h5 38. Ra3 Rb8 39. Bc4 Qc5 40. Bxb3 Nf6 41. d7 Rxd7 42. Rxd7 Nxd7 43. a7 Ra8 44. Bxf7 Qc1+ 45. Kh2 Kxf7 46. Qb3+ Ke7 47. Qb7 Qf4+ 48. Rg3 Qxh4+ 49. Kg1 Qe4 50. Qa6 Bf7 51. Rg7 Qe1+ 52. Kh2 Qxf2 53. Qa3+ Ke8 54. Rh7 Nf6 55. Rh8+ Bg8 56. Qd6 Rxa7 57. Qe6+ Kf8 0-1

[Event "CCT Play-in Chessable Masters 2024"]
[Site "Online"]
[Date "2024.01.31"]
[Round "6"]
[White "Sam_ChessMood"]
[Black "Le, Tuan Minh"]
[Result "1-0"]
[WhiteElo "2613"]
[BlackElo "2567"]
[Annotator "RC"]
[PlyCount "119"]
[EventDate "2024.01.26"]
[EventType "swiss"]
[EventCountry "NET"]
[SourceTitle "playchess.com"]
[Source "ChessBase"]
[SourceQuality "1"]

1. e4 e5 2. Nf3 Nc6 3. Bb5 a6 4. Ba4 Bc5 5. c3 Nge7 6. d4 exd4 7. cxd4 Bb4+ 8. Bd2 Bxd2+ 9. Qxd2 d5 10. exd5 Nxd5 11. Bxc6+ bxc6 12. O-O O-O 13. Nc3 Nf6 14. Ne5 Qd6 15. Rad1 Be6 16. b3 Rfd8 17. Na4 Bd5 18. Nc5 Ne4 19. Nxe4 Bxe4 20. Rfe1 Bd5 21. Nd3 a5 22. Nc5 Qg6 23. f4 h6 24. Qf2 Re8 25. h3 Qf6 26. Re5 Rxe5 27. fxe5 Qg6 28. Kh2 f5 29. Rd2 Rf8 30. Qf4 Qf7 31. Re2 g5 32. Qf2 f4 33. e6 Qe7 34. Re5 f3 35. g4 Qf6 36. Rf5 Qe7 37. Re5 Rf4 38. Nd3 Rf6 39. Nc5 Kh8 40. Kg1 Kg7 41. Rf5 Rxf5 42. gxf5 Qd6 43. Nd7 Kh8 44. Ne5 Kg8 45. Nxf3 Qf4 46. Ne5 Qe4 47. Kh2 h5 48. e7 Bf7 49. f6 h4 50. Qf3 Qxd4 51. Nxf7 Qd2+ 52. Kh1 Qe1+ 53. Kg2 Qd2+ 54. Kf1 Qc1+ 55. Kf2 Qd2+ 56. Qe2 Qd4+ 57. Qe3 Qxf6+ 58. Kg2 Qb2+ 59. Kf3 Qf6+ 60. Kg4 1-0

[Event "CCT Play-in Chessable Masters 2024"]
[Site "Online"]
[Date "2024.01.31"]
[Round "6"]
[White "Fandorine"]
[Black "Grischuk, Alexander"]
[Result "1-0"]
[WhiteElo "2612"]
[BlackElo "2732"]
[Annotator "TA"]
[PlyCount "113"]
[EventDate "2024.01.26"]
[EventType "swiss"]
[EventCountry "NET"]
[SourceTitle "playchess.com"]
[Source "ChessBase"]
[SourceQuality "1"]

1. e4 e5 2. Nf3 Nc6 3. Bc4 Bc5 4. O-O Nf6 5. d3 d6 6. a4 O-O 7. a5 a6 8. c3 Ba7 9. Be3 Bxe3 10. fxe3 Ne7 11. Nbd2 Ng6 12. d4 b5 13. axb6 cxb6 14. Bd3 a5 15. Qe1 Ba6 16. Bxa6 Rxa6 17. h3 b5 18. Nh4 Nxh4 19. Qxh4 a4 20. Rf5 Nd7 21. Qf2 Qe7 22. Qe2 Rb6 23. Raf1 f6 24. h4 Rc8 25. Qg4 Rc7 26. h5 b4 27. Qd1 bxc3 28. bxc3 Ra7 29. Nc4 Rc6 30. Na3 h6 31. c4 Kh7 32. R5f3 Nb6 33. c5 dxc5 34. d5 Rc8 35. Rg3 c4 36. d6 Qf7 37. Rg6 c3 38. Qg4 Rd7 39. Rfxf6 gxf6 40. Qf5 Kh8 41. Rxh6+ Kg8 42. Rg6+ Kh8 43. Rxf6 Qe8 44. Re6 Qf8 45. Qxe5+ Qg7 46. Rh6+ Kg8 47. Qe6+ Qf7 48. Qg4+ Qg7 49. Rg6 c2 50. Nxc2 Rxc2 51. h6 Qxg6 52. Qxg6+ Kh8 53. e5 a3 54. Qxc2 Ra7 55. Qa2 Nd5 56. e6 Nc3 57. Qa1 1-0

[Event "CCT Play-in Chessable Masters 2024"]
[Site "Online"]
[Date "2024.01.31"]
[Round "6"]
[White "Martinez Alcantara, Jose Eduardo"]
[Black "Keymer, Vincent"]
[Result "1-0"]
[WhiteElo "2610"]
[BlackElo "2743"]
[Annotator "TA"]
[PlyCount "73"]
[EventDate "2024.01.26"]
[EventType "swiss"]
[EventCountry "NET"]
[SourceTitle "playchess.com"]
[Source "ChessBase"]
[SourceQuality "1"]

1. e4 c6 2. d4 d5 3. e5 Bf5 4. h4 h5 5. Bd3 Bxd3 6. Qxd3 Qa5+ 7. b4 Qa6 8. e6 Qxd3 9. cxd3 fxe6 10. Nd2 Nd7 11. Ndf3 g6 12. Nh3 Bg7 13. Nf4 Nf8 14. Rb1 a6 15. O-O Nh6 16. Re1 Nf5 17. Bb2 Rd8 18. g3 Rd6 19. a4 Bh6 20. Bc1 Kf7 21. Nh3 Bxc1 22. Rbxc1 Nh7 23. b5 axb5 24. axb5 Ra8 25. bxc6 bxc6 26. Rb1 Nf8 27. Rb4 Kf6 28. Nhg5 Rdd8 29. Reb1 Ra3 30. Ne5 c5 31. dxc5 Rc8 32. Re1 Rca8 33. Kg2 Ra1 34. Rxa1 Rxa1 35. Ngf3 Rc1 36. Rb8 Nh7 37. Rg8 1-0

[Event "CCT Play-in Chessable Masters 2024"]
[Site "Online"]
[Date "2024.01.31"]
[Round "6"]
[White "Demchenko, Anton"]
[Black "Drygalov, Sergey"]
[Result "1-0"]
[WhiteElo "2609"]
[BlackElo "2547"]
[Annotator "RC"]
[PlyCount "125"]
[EventDate "2024.01.26"]
[EventType "swiss"]
[EventCountry "NET"]
[SourceTitle "playchess.com"]
[Source "ChessBase"]
[SourceQuality "1"]

1. e4 c5 2. Nf3 d6 3. d4 cxd4 4. Qxd4 Nc6 5. Bb5 Bd7 6. Qd3 Nf6 7. Bg5 e6 8. Nc3 Be7 9. O-O-O Rc8 10. Bxc6 Bxc6 11. Nd4 h6 12. Bd2 Qb6 13. f3 Qa6 14. Qxa6 bxa6 15. Nxc6 Rxc6 16. Be3 O-O 17. Bxa7 Rfc8 18. Kb1 Nd7 19. Bd4 Rb8 20. Ne2 Nb6 21. Bxb6 Rcxb6 22. b3 g5 23. Rd4 h5 24. h3 Bf6 25. Rc4 Be5 26. Rd1 Kg7 27. Nc1 Kf6 28. Nd3 Bg3 29. c3 Rb5 30. Ra4 R5b6 31. Kc2 Kg6 32. Nb4 Ra8 33. Nd3 Rc8 34. Kd2 Rbc6 35. Rc1 d5 36. exd5 exd5 37. Rd4 Re6 38. Rd1 Rec6 39. Rc1 Re6 40. Rc2 Rce8 41. Kc1 Rd6 42. Rd2 a5 43. Kc2 Rc8 44. Kb2 Re8 45. a4 Bh2 46. c4 dxc4 47. Rxd6+ Bxd6 48. bxc4 Rb8+ 49. Kc3 Rb1 50. Rb2 Rxb2 51. Kxb2 Kf5 52. g4+ hxg4 53. hxg4+ Ke6 54. Kc3 Bh2 55. Kd4 Bg1+ 56. Ke4 f6 57. c5 Bh2 58. Kd4 Bg1+ 59. Kc4 Bh2 60. Kb5 Kd5 61. c6 Kd4 62. Nc5 Ke3 63. Ne4 1-0